000 00342nam a2200133 i 4500
001 bg
100 1 _aSZADKOWSKI, Jan
245 0 _aAutomaty technoligiczne :
_bbudowa, sterowanie, programowanie /
_cJan Szadkowski.
260 _aKraków,
_c1973.
040 _cBPK
041 _apol
942 _cKS
008 s pl f |000 0 pol
999 _c26012
_d26012
856 _uhttp://koha.tu.koszalin.pl/cgi-bin/koha/opac-detail.pl?biblionumber=26012
_yKatalog online BPK